| 000 | 00845cab a2200241 4500 | ||
|---|---|---|---|
| 001 | ABS52071 | ||
| 008 | 090401t1995 xxu||||| |||| 00| 0 eng d | ||
| 035 | _a(Sirsi) u58357 | ||
| 041 | _aeng | ||
| 100 | _aWaples, J. | ||
| 245 | 2 | _aA place in the portfolio | |
| 260 | _c1995 | ||
| 350 | _a0 | ||
| 490 |
_aManagement Today _vFebruary 1995, 68-70(3) |
||
| 520 | _aAnalyses the market for investment property in the light of the current confusion with many institutions reducing their exposure to direct property investment while others have taken the opposite view particularly on speculative developments. | ||
| 650 | _aINSTITUTIONAL INVESTMENT | ||
| 650 | _aINVESTMENT MARKET | ||
| 650 | _aINVESTMENT PROPERTY | ||
| 650 | _aSPECULATIVE DEVELOPMENT | ||
| 690 | _aPROPERTY-COMMERCIAL PROPERTY | ||
| 942 | _n0 | ||
| 948 | _c04/03/1997 | ||
| 999 |
_c35615 _d35615 |
||